[Event "Panevezys op-B"]
[Site "Panevezys"]
[Date "2017.07.04"]
[Round "2"]
[White "Kipluka, Anna Krista"]
[Black "Alekseev, Ilia"]
[Result "0-1"]
[WhiteElo "1156"]
[BlackElo "1625"]
[PlyCount "92"]
[EventDate "2017.07.03"]
[EventType "swiss"]
[EventRounds "9"]
[EventCountry "LTU"]
[SourceTitle "EXT 2018"]
[Source "ChessBase"]
[SourceDate "2017.10.13"]
[SourceVersion "1"]
[SourceVersionDate "2017.10.13"]
[SourceQuality "1"]

1. e4 e5 2. Nf3 Nc6 3. Bc4 Nf6 4. d3 Bc5 5. Nc3 d6 6. a3 Bg4 7. Be3 Bb6 8. h3 Be6 9. Ba2 h6 10. Na4 Bd4 11. Bxd4 exd4 12. b4 b5 13. Nb2 a5 14. bxa5 Rxa5 15. Bxe6 fxe6 16. Qb1 0-0 17. 0-0 Qd7 18. Qa2 Kh8 19. Qb3 e5 20. c4 Rb8 21. Rfb1 Nh5 22. Nh4 Nf4 23. Kh2 Ne2 24. cxb5 Qd8 25. Qc2 Nc3 26. bxc6 Nxb1 27. Nc4 Nxa3 28. Nxa3 Qxh4 29. Qe2 Qf4+ 30. g3 Qf7 31. Qc2 Rba8 32. Qb2 Qf3 33. Kg1 Qxd3 34. Qb7 R5a7 35. Qb4 Rxa3 36. Rxa3 Qxa3 37. Qb7 Qa7 38. Qb2 Qa1+ 39. Qxa1 Rxa1+ 40. Kg2 d3 41. Kf3 d2 42. g4 d1Q+ 43. Kg3 Ra3+ 44. Kh4 Qf1 45. Kh5 Kh7 46. h4 g6# 0-1